Top 50 Thrash Metal Albums Of All Time - Statistics

General Stats
  • This quiz has been taken 413 times
  • The average score is 14 of 50
Answer Stats
Point Value Year Album % Correct
49.0 1986 Master Of Puppets
94%
48.0 1984 Ride The Lightning
90%
40.3 1983 Kill 'Em All
85%
36.0 1988 ...And Justice For All
77%
40.6 1986 Peace Sells...But Who's Buying?
75%
46.0 1990 Rust In Peace
75%
49.0 1986 Reign In Blood
72%
35.6 1988 South Of Heaven
54%
38.6 1987 Among The Living
50%
31.6 1990 Seasons In The Abyss
50%
18.0 1985 Killing Is My Business...And Business Is Good!
49%
38.6 1985 Hell Awaits
47%
42.3 1985 Bonded By Blood
46%
20.3 1983 Show No Mercy
38%
11.6 1985 Spreading The Disease
37%
36.6 1987 The Legacy
31%
10.0 1984 Fistful Of Metal
28%
34.3 1986 Pleasure To Kill
28%
20.6 1988 The New Order
27%
17.3 1991 Arise
22%
27.0 1989 Beneath The Remains
22%
14.6 1989 Fabulous Disaster
21%
14.3 1989 Alice In Hell
19%
12.6 1991 The Years Of Decay
19%
12.0 1987 The Ultra-Violence
15%
10.6 1989 Extreme Aggression
14%
15.0 1986 Darkness Descends
13%
14.3 1988 Eternal Nightmare
11%
9.0 1991 Horrorscope
11%
14.0 1985 Infernal Overkill
10%
24.6 1987 Killing Technology
10%
12.0 1985 Speak English Or Die
10%
17.6 2007 The Art Of Partying
10%
15.3 2017 Nightmare Logic
9%
10.3 1988 Under The Influence
9%
9.3 1989 Handle With Care
8%
9.0 1990 Lights, Camera, Revolution
8%
12.3 1984 Morbid Tales
8%
15.0 1985 To Mega Therion
8%
11.0 2009 World Painted Blood
8%
9.3 1988 Dimension Hatross
6%
11.3 1989 No More Color
6%
11.0 1990 Slaughter In The Vatican
6%
11.0 1985 Carnivore
5%
11.6 1991 Time Does Not Heal
5%
10.0 1989 Beg To Differ
4%
11.3 1993 Grin
4%
19.0 1988 History Of A Time To Come
4%
17.0 1987 Terror And Submission
1%
9.6 1998 The Haunted
1%
No matching quizzes found
Score Distribution
Percent of People with Each Score
Percentile by Number Answered
Your Score History
You have not taken this quiz